03320cas a2200505 i 450000100090000000300050000900500170001400800410003101000170007202200140008904000250010304300120012805000150014021000370015522200670019224500810025924601560034026000480049626401070054430000390065133600260069033700280071633800270074436200240077150400400079550509940083558800550182959000320188465000260191665000390194265000260198165000390200765100430204665300120208965300150210165300160211665500430213265501400217570000360231571001250235177601020247694200460257895201730262499900170279711276842CSPC20260220104427.0260220c2009 ph r f0 a0eng c a 83647266 0 a0115-8848 aCSPCbengcCSPCerda aa-ph---00aQ80.P6bT71 aTrans. Natl. Acad. Sci. Technol. 0aTransactions of the National Academy of Science and Technology00aTransactions of the national academy of science and technology philippines.  3aTransactions of the national academy of science and technology philippines. b31st annual scientific meeting active aging: preparing for quality life.  bNational Academy of Science and Technology, 1aBicutan, Taguig Manila, Philippines :bNational Academy of Science and Technology Philippines, c2009. avolumes :billustrations ;c23 cm. atextbtxt2rdacontent aunmediatedbn2rdamedia avolumebnc2rdacarrier0 aVolume 31, Number 2 aIncludes bibliographical references0 aAn accomplishment report on the 31st annual scientific meeting -- Active aging: preparing for quality life -- Active aging and the Filipino older person -- Population dynamics and elderly savings: an econometric analysis -- Changing social structures and the well-being of the older Filipinos -- Presentation of summaries of the pre-conference activities healthcare quality, workforce and financing roundtable discussion summary -- Economics, productivity and retirement: roundtable discussion summary -- Technology and nutrition for active aging: roundtable discussion summary -- Frailties of aging -- Concurrent technical sessions vaccines for the prevention of influenza and other infectious diseases in relation to active aging -- Social jet lag, shift work and senior citizens: new insights into the human circadian system -- Nutrition and health situation of FIlipino elderly based on the FNRI 7th national nutrition survey: 2008 -- Resolution on active aging -- About the authors.  aLatest issue consulted: Vol. 7 (1985) (surrogate). aSERBIB/SERLOC merged record 0aSciencevPeriodicals. 0aSciencezPhilippinesvPeriodicals. 2aSciencevPeriodicals. 7aScience.2fast0(OCoLC)fst01108176 7aPhilippines.2fast0(OCoLC)fst01205261 aSCIENCE aTECHNOLOGY aPHILIPPINES 7aPeriodicals.2fast0(OCoLC)fst01411641 7aPeriodicals.2lcgft0http://id.loc.gov/authorities/genreForms/gf20140261390(uri) http://id.loc.gov/authorities/genreForms/gf20140261391 aPadilla, Carmencita D.eeditor.2 aNational Academy of Science and Technology (Philippines)1https://id.oclc.org/worldcat/entity/E39QH7JmqRFvMrRrVMXBP6PHRg08iOnline version:tTransactions of the National Academy of Science and Technologyw(OCoLC)571895237 2ddcn0cSERIALSe15h505iT687kSERm2009 00102ddc4071aCSPCbCSPCcSERd2026-02-20hJuly 2009 Volume 31, Number 2l0oSer SCI 9 v.31 n.2 2009p01590Sr2026-02-20 10:50:18t1-1w2026-02-20ySERIALSzJournal  c31868d31868